Mechatronics : (Record no. 16483)
[ view plain ]
| 000 -LEADER | |
|---|---|
| fixed length control field | 00788nam a22002297a 4500 |
| 005 - DATE AND TIME OF LATEST TRANSACTION | |
| control field | 20141009091536.0 |
| 008 - FIXED-LENGTH DATA ELEMENTS--GENERAL INFORMATION | |
| fixed length control field | 120219t2012 xxka fr 001 0 eng d |
| 020 ## - INTERNATIONAL STANDARD BOOK NUMBER | |
| International Standard Book Number | 0273742868 |
| 020 ## - INTERNATIONAL STANDARD BOOK NUMBER | |
| International Standard Book Number | 9780273742869 |
| 040 ## - CATALOGING SOURCE | |
| Original cataloging agency | EG-ScBUE |
| 082 00 - DEWEY DECIMAL CLASSIFICATION NUMBER | |
| Edition number | 22 |
| Classification number | 621 |
| Item number | BOL |
| 100 1# - MAIN ENTRY--PERSONAL NAME | |
| 9 (RLIN) | 11206 |
| Personal name | Bolton, W. |
| Dates associated with a name | 1933- |
| Fuller form of name | (William), |
| 245 10 - TITLE STATEMENT | |
| Title | Mechatronics : |
| Remainder of title | a multidisciplinary approach / |
| Statement of responsibility, etc | William Bolton. |
| 250 ## - EDITION STATEMENT | |
| Edition statement | 5th ed. |
| 260 ## - PUBLICATION, DISTRIBUTION, ETC. (IMPRINT) | |
| Place of publication, distribution, etc | Harlow, United Kingdom : |
| Name of publisher, distributor, etc | Pearson Education Limited, |
| Date of publication, distribution, etc | c.2012 |
| Place of manufacture | ([Gosport, United Kingdom] : |
| Manufacturer | Ashford Colour Press Ltd.) |
| 300 ## - PHYSICAL DESCRIPTION | |
| Extent | x, 638 p. : |
| Other physical details | ill. ; |
| Dimensions | 25 cm. |
| 500 ## - GENERAL NOTE | |
| General note | Index : p. 627-638. |
| 650 ## - SUBJECT ADDED ENTRY--TOPICAL TERM | |
| 9 (RLIN) | 11207 |
| Topical term or geographic name as entry element | Mechatronics. |
| 653 ## - INDEX TERM--UNCONTROLLED | |
| Resource For college | Engineering, Mechanical |
| Arrived date list | February2012 |
| -- | February2013 |
| -- | October2014 |
| 655 ## - INDEX TERM--GENRE/FORM | |
| Form subdivision | |
| -- | 33728 |
| 942 ## - ADDED ENTRY ELEMENTS (KOHA) | |
| Source of classification or shelving scheme | Dewey Decimal Classification |
| Item type | Book - Borrowing |
| Call number prefix | 621 BOL |
| Withdrawn status | Item status | Source of classification or shelving scheme | Damaged status | Not for loan | Vendor | Home library | Current library | Shelving location | Date acquired | Source of acquisition | Total Checkouts | Full call number | Barcode | Date last seen | Date last borrowed | Koha item type | Total Renewals |
|---|---|---|---|---|---|---|---|---|---|---|---|---|---|---|---|---|---|
| Dewey Decimal Classification | Baccah | Central Library | Central Library | First floor | 19/02/2012 | 1 | 621 BOL | 000026137 | 15/07/2025 | 08/03/2012 | NB - Book (Non borrowing) | ||||||
| Dewey Decimal Classification | Baccah | Central Library | Central Library | First floor | 19/02/2012 | 9 | 621 BOL | 000026138 | 15/07/2025 | 14/03/2016 | Book - Borrowing | 54 | |||||
| Dewey Decimal Classification | Baccah | Central Library | Central Library | First floor | 19/02/2012 | 10 | 621 BOL | 000026139 | 15/07/2025 | 12/02/2018 | Book - Borrowing | 73 | |||||
| Dewey Decimal Classification | Baccah | Central Library | Central Library | First floor | 19/02/2012 | 7 | 621 BOL | 000026140 | 15/07/2025 | 18/02/2016 | Book - Borrowing | 52 | |||||
| Dewey Decimal Classification | Central Library | Central Library | First floor | 19/02/2012 | 10 | 621 BOL | 000026141 | 15/07/2025 | 14/03/2016 | Book - Borrowing | 43 | ||||||
| Dewey Decimal Classification | Baccah | Central Library | Central Library | First floor | 13/02/2013 | 7 | 621 BOL | 000028233 | 15/07/2025 | 15/02/2017 | Book - Borrowing | 91 | |||||
| Dewey Decimal Classification | Baccah | Central Library | Central Library | First floor | 13/02/2013 | 4 | 621 BOL | 000028234 | 15/07/2025 | 10/04/2016 | Book - Borrowing | 25 | |||||
| Dewey Decimal Classification | Baccah | Central Library | Central Library | First floor | 13/02/2013 | 6 | 621 BOL | 000028235 | 15/07/2025 | 21/02/2017 | Book - Borrowing | 71 | |||||
| Dewey Decimal Classification | Baccah | Central Library | Central Library | First floor | 13/02/2013 | 4 | 621 BOL | 000028236 | 15/07/2025 | 18/02/2016 | Book - Borrowing | 78 |